000 00493nam a2200157 a 4500
001 000009019
005 20200929161450.0
008 090923s1980 dr 001 0 spa d
040 _aDO-SdBNP
_bspa
_cBNPHU
082 _axxxx
_bA466s
245 0 0 _aPor una alternativa socialista marxista revolucionaria y de masas /
_cCarlos Julio Báez.
260 _aSanto Domingo :
_bPoder Popular
_bAlfa & Omega,
_c1980.
300 _a260 p. ;
_c18 cm.
700 1 _aBáez, Carlos Julio
_923652
049 _aBNPD
999 _c8783
_d8783